000 00543nam a2200157 4500
008 161007b xxu||||| |||| 00| 0 eng d
022 _a0893-8989
082 _aDPer 363.205 P75 Aug 2014- Apr 2015 v. 38-39
100 _915843
_aMartinelli, Ron
245 _aInvestigating self-defense homicide/
_cRon Martinelli.
260 _aCalifornia:
_bBobit Business Media,
_cc2014-2015.
300 _av38 n10, pages 50-61;
_c28 cm.
500 _aPolice: The Law Enforcement Magazine.
650 0 _919432
_aCriminal investigation
942 _2ddc
_cPER
999 _c5074
_d5074